000 00688nam a2200205Ia 4500
001 10429
003 GE_BSU
008 181216s||||||||xx |||||||||||||| ||und||
040 _cGE_BSU
100 _aურჯუმელაშვილი,ვანო
245 _aცივი სარეცელი
245 _bმოთხრობები
245 _cრედ:ე.ქარელიშვილი; მხატვ:ო.ჯიშკარიანი
260 _aთბილისი
260 _bმერანი
260 _c1970
300 _a223გვ;20სმ.
653 _aცივი სარეცელი:მოთხრობები
942 _cBK
999 _c43689
_d43689